<?xml version="1.0" encoding="UTF-8"?><?xml-stylesheet type="text/xsl" href="static/style.xsl"?><OAI-PMH xmlns="http://www.openarchives.org/OAI/2.0/" xmlns:xsi="http://www.w3.org/2001/XMLSchema-instance" xsi:schemaLocation="http://www.openarchives.org/OAI/2.0/ http://www.openarchives.org/OAI/2.0/OAI-PMH.xsd"><responseDate>2026-04-29T04:09:18Z</responseDate><request verb="GetRecord" identifier="oai:repisalud.isciii.es:20.500.12105/10834" metadataPrefix="marc">https://repisalud.isciii.es/rest/oai/request</request><GetRecord><record><header><identifier>oai:repisalud.isciii.es:20.500.12105/10834</identifier><datestamp>2024-05-21T11:02:21Z</datestamp><setSpec>com_20.500.12105_2203</setSpec><setSpec>com_20.500.12105_2202</setSpec><setSpec>col_20.500.12105_19505</setSpec><setSpec>col_20.500.12105_19585</setSpec></header><metadata><record xmlns="http://www.loc.gov/MARC21/slim" xmlns:dcterms="http://purl.org/dc/terms/" xmlns:doc="http://www.lyncode.com/xoai" xmlns:xsi="http://www.w3.org/2001/XMLSchema-instance" xsi:schemaLocation="http://www.loc.gov/MARC21/slim http://www.loc.gov/standards/marcxml/schema/MARC21slim.xsd">
   <leader>00925njm 22002777a 4500</leader>
   <datafield ind2=" " ind1=" " tag="042">
      <subfield code="a">dc</subfield>
   </datafield>
   <datafield ind2=" " ind1=" " tag="720">
      <subfield code="a">Instituto de Salud Carlos III. Centro Nacional de Epidemiología</subfield>
      <subfield code="e">author</subfield>
   </datafield>
   <datafield ind2=" " ind1=" " tag="260">
      <subfield code="c">2017-11-19</subfield>
   </datafield>
   <datafield ind2=" " ind1=" " tag="520">
      <subfield code="a">Los indicadores de transmisibilidad indican que la actividad gripal se encuentra en valores propios del
periodo pre-epidémico. En la semana 46/2017 la tasa global de incidencia de gripe es de 18,47 casos por 100.000 habitantes.
De las 71 muestras centinela enviadas para confirmación virológica esta semana, 5 han sido positivas
para el virus de la gripe, lo que supone una tasa de detección viral del 7%.
De las detecciones centinelas notificadas desde el inicio de la temporada 2017-18 hasta el momento, el
65% son tipo B y el 35% tipo A [100% de A(H3N2) entre los subtipados].
La tasa de detección de VRS es del 19% y continúa en aumento desde la semana 42/2017. Desde el inicio de la temporada 2017-18 se han notificado 14 casos graves hospitalizados confirmados
de gripe (CGHCG) en seis CCAA. En 10 de los pacientes (71%) se identificó el virus de la gripe A, y en 4
(29%) el virus B. De los virus tipo A subtipados (8), 5 son A(H3N2) y 3 A(H1N1)pdm09.
 En la zona templada del hemisferio norte la actividad gripal permanece baja. En la zona templada del
hemisferio sur y algunos países del sur y sureste de Asia se notifican niveles descendentes de actividad
gripal. En la semana 45/2017 la actividad gripal en Europa se mantuvo baja en los 42 países que enviaron datos al ECDC, con una tasa de detección en muestras centinelas del 4,5%. Desde la semana
40/2017, el 50% de los virus detectados son tipo A, y el 50% tipo B.</subfield>
   </datafield>
   <datafield ind1="8" ind2=" " tag="024">
      <subfield code="a">http://hdl.handle.net/20.500.12105/10834</subfield>
   </datafield>
   <datafield tag="653" ind2=" " ind1=" ">
      <subfield code="a">Gripe</subfield>
   </datafield>
   <datafield tag="653" ind2=" " ind1=" ">
      <subfield code="a">Vigilancia Epidemiológica</subfield>
   </datafield>
   <datafield ind2="0" ind1="0" tag="245">
      <subfield code="a">Informe semanal de Vigilancia de la Gripe en España Semana 46/2017 (13 - 19 de noviembre 2017) Nº 520. 23 de noviembre de 2017</subfield>
   </datafield>
</record></metadata></record></GetRecord></OAI-PMH>